000 00540nam a22001937a 4500
001 57779
005 20260506103635.0
008 260301s2017 bg ||||| |||| 00| 0 eng d
020 _a9789849131229
040 _aBD-DhIUB
_cBD-DhIUB
_dBD-DhIUB
082 _222
_a808.02
_bR1474a
100 _aRahaman, Adilur
_97158
245 _aArchaeology of research /
_cAdilur Rahaman
260 _aDhaka:
_bMuktochinta,
_c2017
300 _axvi, 574p. :
_c24 cm.
526 _aLIB
_lGEN
650 0 _aEnglish language
_xRhetoric.
_92771
942 _2ddc
_cBK
999 _c57779
_d57953